Business logistics supply chain management / (Record no. 20568)
[ view plain ]
| 000 -LEADER | |
|---|---|
| fixed length control field | 00648nam a22002177a 4500 |
| 003 - CONTROL NUMBER IDENTIFIER | |
| control field | OSt |
| 008 - FIXED-LENGTH DATA ELEMENTS--GENERAL INFORMATION | |
| fixed length control field | 240522b2007 |||||||| |||| 00| 0 eng d |
| 020 ## - INTERNATIONAL STANDARD BOOK NUMBER | |
| International Standard Book Number | 9788131705841 |
| 082 ## - DEWEY DECIMAL CLASSIFICATION NUMBER | |
| Classification number | 658.78 |
| Item number | BAL-B |
| 100 ## - MAIN ENTRY--PERSONAL NAME | |
| Personal name | Ballou, Ronald H. |
| 245 ## - TITLE STATEMENT | |
| Title | Business logistics supply chain management / |
| Statement of responsibility, etc | Ronald H. Ballou and Samir K. Srivastava. |
| 250 ## - EDITION STATEMENT | |
| Edition statement | 5th |
| 260 ## - PUBLICATION, DISTRIBUTION, ETC. (IMPRINT) | |
| Place of publication, distribution, etc | Chennai : |
| Name of publisher, distributor, etc | Pearson, |
| Date of publication, distribution, etc | 2007. |
| 300 ## - PHYSICAL DESCRIPTION | |
| Extent / Pages | xx, 800 p. ; |
| 650 ## - SUBJECT ADDED ENTRY--TOPICAL TERM | |
| Topical term or geographic name as entry element | Logistics Management: |
| 650 ## - SUBJECT ADDED ENTRY--TOPICAL TERM | |
| Topical term or geographic name as entry element | Supply Chain Strategy: |
| 650 ## - SUBJECT ADDED ENTRY--TOPICAL TERM | |
| Topical term or geographic name as entry element | Inventory Management |
| 650 ## - SUBJECT ADDED ENTRY--TOPICAL TERM | |
| Topical term or geographic name as entry element | Introduction to Supply Chain Management |
| 700 ## - ADDED ENTRY--PERSONAL NAME | |
| Personal name | Srivastava, Samir K. |
| 942 ## - ADDED ENTRY ELEMENTS (KOHA) | |
| Source of classification or shelving scheme | |
| Koha item type | Books |
| 942 ## - ADDED ENTRY ELEMENTS (KOHA) | |
| -- | 2 |
| Withdrawn status | Lost status | Source of classification or shelving scheme | Damaged status | Not for loan | Home library | Current library | Date acquired | Source of acquisition | Currency | Cost, normal purchase price | Full call number | Barcode | Date last seen | Copy number | Bill Date | Koha item type | Bill Number | Total Checkouts | Total Renewals | Date last borrowed |
|---|---|---|---|---|---|---|---|---|---|---|---|---|---|---|---|---|---|---|---|---|
| SOBD Library | SOBD Library | 11/04/2024 | Vedi Books | INR | 1070.00 | 658.78 BAL-B1 | 005934 | 22/05/2024 | 1 | Reference Books | VEDI/24-25/04/12 | |||||||||
| SOBD Library | SOBD Library | 11/04/2024 | Vedi Books | INR | 1070.00 | 658.78 BAL-B2 | 005935 | 22/05/2024 | 2 | Books | VEDI/24-25/04/12 | |||||||||
| SOBD Library | SOBD Library | 11/04/2024 | Vedi Books | INR | 1070.00 | 658.78 BAL-B3 | 005936 | 22/05/2024 | 3 | Books | VEDI/24-25/04/12 | |||||||||
| SOBD Library | SOBD Library | 11/04/2024 | Vedi Books | INR | 1070.00 | 658.78 BAL-B4 | 005937 | 22/05/2024 | 4 | Books | VEDI/24-25/04/12 | |||||||||
| SOBD Library | SOBD Library | 11/04/2024 | Vedi Books | INR | 1070.00 | 658.78 BAL-B5 | 005938 | 22/05/2024 | 5 | Books | VEDI/24-25/04/12 | |||||||||
| SOBD Library | SOBD Library | 11/04/2024 | Vedi Books | INR | 1070.00 | 658.78 BAL-B6 | 005939 | 02/09/2024 | 6 | Books | VEDI/24-25/04/12 | 1 | 1 | 30/08/2024 | ||||||
| SOBD Library | SOBD Library | 11/04/2024 | Vedi Books | INR | 1070.00 | 658.78 BAL-B7 | 005940 | 23/03/2026 | 7 | Books | VEDI/24-25/04/12 | 1 | 20/01/2026 | |||||||
| SOBD Library | SOBD Library | 11/04/2024 | Vedi Books | INR | 1070.00 | 658.78 BAL-B8 | 005941 | 22/05/2024 | 8 | Books | VEDI/24-25/04/12 | |||||||||
| SOBD Library | SOBD Library | 11/04/2024 | Vedi Books | INR | 1070.00 | 658.78 BAL-B9 | 005942 | 22/05/2024 | 9 | Books | VEDI/24-25/04/12 | |||||||||
| SOBD Library | SOBD Library | 11/04/2024 | Vedi Books | INR | 1070.00 | 658.78 BAL-B10 | 005943 | 22/05/2024 | 10 | Books | VEDI/24-25/04/12 | |||||||||
| SOBD Library | SOBD Library | 11/04/2024 | Vedi Books | INR | 1070.00 | 658.78 BAL-B11 | 005944 | 22/05/2024 | 11 | Books | VEDI/24-25/04/12 | |||||||||
| SOBD Library | SOBD Library | 11/04/2024 | Vedi Books | INR | 1070.00 | 658.78 BAL-B12 | 005945 | 22/05/2024 | 12 | Books | VEDI/24-25/04/12 |